देह-देहरी/ (Record no. 194664)
[ view plain ]
| 000 -LEADER | |
|---|---|
| fixed length control field | 01133nam a22002177a 4500 |
| 005 - DATE AND TIME OF LATEST TRANSACTION | |
| control field | 20241029120411.0 |
| 010 ## - LCCN (DPL NO) | |
| LC control number | B-748490-494 HIN-128733 |
| 020 ## - INTERNATIONAL STANDARD BOOK NUMBER | |
| Terms of availability | 600.00 |
| International Standard Book Number | 9788178571805 |
| 035 ## - SYSTEM CONTROL NUMBER | |
| System control number | B-748490-494 |
| 035 ## - SYSTEM CONTROL NUMBER | |
| System control number | HN-101079 |
| 037 ## - SOURCE OF ACQUISITION | |
| Source of stock number/acquisition | साहित्य प्रकाशन |
| 082 ## - DEWEY DECIMAL CLASSIFICATION NUMBER | |
| Classification number | 305.4 |
| 100 ## - MAIN ENTRY--PERSONAL NAME | |
| Personal name | चित्रा मुदगल |
| 245 ## - TITLE STATEMENT | |
| Title | देह-देहरी/ |
| Statement of responsibility, etc | चित्रा मुदगल |
| 246 ## - VARYING FORM OF TITLE | |
| Title proper/short title | Deh-Dehri |
| Remainder of title | by Chitra Mudgal |
| 260 ## - PUBLICATION, DISTRIBUTION, ETC. (IMPRINT) | |
| Place of publication, distribution, etc | दिल्ली |
| Name of publisher, distributor, etc | साहित्य प्रकाशन |
| Date of publication, distribution, etc | 2022 |
| 270 ## - ADDRESS | |
| Address | 101,फर्स्ट फ्लोर,प्रताप नगर, मयूर विहार-1 |
| City | दिल्ली |
| Postal code | 110091 |
| 300 ## - PHYSICAL DESCRIPTION | |
| Extent | 310पृ |
| Dimensions | 22सेमी (सजिल्द) |
| 942 ## - ADDED ENTRY ELEMENTS (KOHA) | |
| Institution code [OBSOLETE] | dpl |
| Item type | Hindi Books |
| Source of classification or shelving scheme | Dewey Decimal Classification |
| Classification part | 305.4 |
| Call number suffix | चित्रामु |
| Withdrawn status | Lost status | Not for loan | Collection code | Home library | Current library | Date acquired | Source of acquisition | Cost, normal purchase price | Full call number | Barcode | Copy number | Cost, replacement price | Koha item type |
|---|---|---|---|---|---|---|---|---|---|---|---|---|---|
| Non-fiction | Ashok Vihar | Ashok Vihar | 16/05/2023 | साहित्य प्रकाशन/668/6.1.23/325/26.12.22/12.1.23 | 600.00 | 305.4 चित्रामु | B-748491 | 1 | 600.00 | Hindi Books | |||
| Non-fiction | Bawana | Bawana | 16/05/2023 | साहित्य प्रकाशन/668/6.1.23/325/26.12.22/12.1.23 | 600.00 | 305.4 चित्रामु | B-748493 | 1 | 600.00 | Hindi Books | |||
| Non-fiction | Bawana | Bawana | 29/10/2024 | DBAD | 600.00 | 305.4 चित्रामु | HN-101079 | 1 | 600.00 | Hindi Books | |||
| Non-fiction | Central Library | Central Library | 16/05/2023 | साहित्य प्रकाशन/668/6.1.23/325/26.12.22/12.1.23 | 600.00 | 305.4 चित्रामु | B-748490 | 1 | 600.00 | Hindi Books | |||
| Non-fiction | Patel Nagar | Patel Nagar | 16/05/2023 | साहित्य प्रकाशन/668/6.1.23/325/26.12.22/12.1.23 | 600.00 | 305.4 चित्रामु | B-748492 | 1 | 600.00 | Hindi Books | |||
| Non-fiction | Shahdara Branch | Shahdara Branch | 16/05/2023 | साहित्य प्रकाशन/668/6.1.23/325/26.12.22/12.1.23 | 600.00 | 305.4 चित्रामु | B-748494 | 1 | 600.00 | Hindi Books |
